000 00462nam a22001697a 4500
003 BD-DhUL
005 20161221113721.0
008 161221s1897 ii ||||| |||| 00| 0 eng d
040 _aBD-DhUL
_cBD-DhUL
082 _a294.5
_bVIJ
100 1 0 _aVidyaramy asaraswati, S
245 1 0 _aJivanumukti - Viveka 1897 /
_cS Vidyaramy asaraswati,
260 _aBombay :
_bTookaram tatya,
_c1897.
300 _a204 p. ;
_c21 cm.
650 4 _aSociety
942 _2ddc
_cBK
999 _c139629
_d139629